Modeling theory in science education

Αποθηκεύτηκε σε:
Λεπτομέρειες βιβλιογραφικής εγγραφής
Κύριος συγγραφέας: Halloun, Ibrahim A.
Μορφή: Βιβλίο
Γλώσσα:English
Δημοσίευση: Dordrecht ; Boston : Kluwer Academic Publishers, 2004
Σειρά:Science and technology education library ; ; 24
Θέματα:
Ετικέτες: Προσθήκη ετικέτας
Δεν υπάρχουν, Καταχωρήστε ετικέτα πρώτοι!

MARC

LEADER 00000nam a2200000 i 4500
001 1/82186
008 080414s2004 eng d
020 |a 1-4020-2139-9 
035 |l 10096613 
040 |a GR-MY-UA  |b gre  |e aacr 
041 0 |a eng 
082 0 |a 507  |2 (22) 
100 1 |a Halloun, Ibrahim A. 
245 1 0 |a Modeling theory in science education /  |c by Ibrahim A. Halloun 
260 |a Dordrecht ; Boston :   |b Kluwer Academic Publishers,   |c 2004 
300 |a xiii, 250 σ.;  |c 25 εκ. 
490 1 |a Science and technology education library  |v ; 24 
504 |a Περιλαμβάνει βιβλιογραφίες και ευρετήριο 
650 0 0 |a Science  |x Study and teaching. 
650 0 0 |a Science  |x Methodology. 
650 0 0 |a Science  |x Philosophy. 
830 0 |a Science and technology education library ;  |v ; 24 
852 |a INST  |b RHODES  |e 20080414  |h 507 HAL  |p 005400029442  |q 005400029442  |t BK  |y 0 
901 |a BIBL4-2008-1 
909 |a Ρ  |b 151915 
922 |a 4ΕΛΗ  |b 200803  |c ΕΠΕΑΕΚ2/ΤΕΠΑΕΣ  |d ΕΛΕΥΘΕΡΟΥΔΑΚΗΣ 
970 |a ΜΙΣΣΟΣ  |b ΣΤΑΥΡΟΣ  |z 2008/04/14